SUPREME COURT CIVIL APPEAL NO.11 OF 2010 DR. SHEIKH AHMED MOHAMMED KISUULE VS GREENLAND BANK (IN LIQUIDATION) (Record no. 8677)

MARC details
000 -LEADER
fixed length control field 00560nam a22001097a 4500
008 - FIXED-LENGTH DATA ELEMENTS--GENERAL INFORMATION
fixed length control field 190708b xxu||||| |||| 00| 0 eng d
010 ## - LIBRARY OF CONGRESS CONTROL NUMBER
LC control number SCCAF:1C
245 ## - TITLE STATEMENT
Title SUPREME COURT CIVIL APPEAL NO.11 OF 2010 DR. SHEIKH AHMED MOHAMMED KISUULE VS GREENLAND BANK (IN LIQUIDATION)
260 ## - PUBLICATION, DISTRIBUTION, ETC. (IMPRINT)
Place of publication, distribution, etc SUPREME COURT KAMPALA
Date of publication, distribution, etc 2011
500 ## - GENERAL NOTE
General note (CORAM: ODOKI,CJ,TSEKOOKO,KITUMBA,TUMWESIGYE AND KISAAKYE JJ.S.C.)
500 ## - GENERAL NOTE
General note [APPEAL AGAINST THE DECISION OF THE COURT OF APPEAL (MUKASA-KIKONYOGO DCJ,MPAYI-BAHIGEINE,KAVUMA JJA)DATED 11TH FEBRUARY,2009 IN CIVIL APPEAL NO 13 OF 2009]
Holdings
Withdrawn status Lost status Source of classification or shelving scheme Damaged status Koha normalized classification for sorting Not for loan Location (home branch) Sublocation or collection (holding branch) Shelving location Date acquired Koha issues (times borrowed) Koha full call number Piece designation (barcode) Koha date last seen Price effective from Koha item type Public note
    Dewey Decimal Classification   SCCAF_1C   Law Development Centre Main Library Law Development Centre Main Library Law Reports 07/08/2019   SCCAF:1C 476/2019 07/08/2019 07/08/2019 Un Reported Cases JUDGEMENT WAS ENTERED OM 14TH OF NOVEMBER 2011
    Dewey Decimal Classification   SCCAF_1C   Law Development Centre Main Library Law Development Centre Main Library Law Reports 07/08/2019   SCCAF:1C 477/2019 07/08/2019 07/08/2019 Un Reported Cases judgement was entered on 14th of November 2011